[Event "25th Zadar Open 2018"]
[Site "Zadar"]
[Date "2018.12.19"]
[Round "6.1"]
[White "Loiseau, Quentin"]
[Black "Brkic, Ante"]
[Result "1/2-1/2"]
[WhiteElo "2443"]
[BlackElo "2563"]
[Annotator "TA"]
[PlyCount "189"]
[EventDate "2018.12.15"]
[EventType "swiss"]
[EventCountry "CRO"]
[SourceTitle "playchess.com"]
[Source "ChessBase"]
[SourceQuality "1"]

{[%evp 20,189,20,0,0,0,0,0,27,33,15,0,0,-4,0,0,0,0,0,0,0,0,0,0,-8,-5,-17,-33,-23,-15,-22,-22,0,-5,15,0,0,0,-3,-6,0,-20,-21,-44,-61,-69,-69,-124,-124,-124,-124,-118,-115,-147,-133,-140,-18,-101,-90,-240,-229,-241,-240,-224,-204,-441,-425,-414,-324,-317,-317,-277,-151,-151,-61,-61,-61,-61,-61,-61,-61,-61,-61,-61,-61,-61,-61,-64,-64,-64,0,-64,-40,-40,-40,-40,-40,-40,-40,-40,-40,-40,-40,-40,-16,-63,-40,-40,-63,-56,-40,-63,-63,-63,-63,-63,-63,-63,-63,-63,-14,-63,-63,-63,-63,-63,-63,-63,-63,-63,0,-63,0,-63,-63,-70,-17,-20,-20,-20,-20,-20,-20,-20,-20,-20,-20,-20,-20,-20,-20,-28,-28,-28,-28,-28,-28,-28,-28,-28,-28,-28,-28,-40,-40,-40,-40,-40,-40,-40,0,0]} 1. d4 Nf6 2. c4 e6 3. Nf3 d5 4. Nc3 Bb4 5. cxd5 exd5 6. Bg5 {[%cal Bc1g5,Bg5h4,Bh4g3,Bg3e5][%mdl 32]} h6 7. Bh4 c5 8. e3 c4 {D38: Queen's Gambit Declined: Ragozin Defence (4 Nf3 Bb4)} 9. Be2 Bf5 10. O-O g5 11. Bg3 {LiveBook: 3 Games} Bxc3 12. bxc3 O-O 13. Nd2 Re8 14. Be5 Nc6 15. f4 Ne4 {[#]} 16. Bh5 $146 ({Predecessor:} 16. Nxe4 Bxe4 {1-0 (57) Ding,L (2749)-Yu,Y (2736) Danzhou 2015}) 16... Nxd2 17. Qxd2 Rf8 $1 {White must now prevent ...f6.} 18. fxg5 $1 Qxg5 19. Qf2 Be6 $1 20. Qg3 Nxe5 21. Qxe5 b5 22. Rab1 Rab8 23. Rb2 Qxe5 24. dxe5 a5 25. a3 $1 Rb6 26. Bf3 Rc8 27. g4 Rcb8 28. Rfb1 Kg7 29. Kf2 f6 30. exf6+ Kxf6 31. Kg3 Ke5 32. h4 Bg8 33. Rd1 (33. Ra2 $15) 33... b4 $1 $17 {[%cal Rb4c3]} 34. axb4 axb4 35. cxb4 Rxb4 36. Ra2 c3 37. Rc1 Rb2 (37... Rc8 $1 $17 {Strongly threatening ...Bh7.} 38. g5 hxg5 39. hxg5 Bh7) 38. Ra3 (38. Ra7 $1 $11 {keeps the balance.}) 38... c2 39. Rc3 (39. Be2 $17) 39... Bh7 $19 40. Rc5 R8b5 41. Rc7 {And now Re7+ would win.} Bd3 42. Kf2 $2 (42. Rc3 R5b3 43. Rc5) 42... Ra2 43. Ke1 Rb1 44. Kd2 Rxc1 45. Kxc1 {[%mdl 4096] Endgame [#] KRB-KRB} Ra1+ (45... Kd6 $1 $19 46. Rc3 Ra1+ 47. Kd2 Bg6) 46. Kd2 $17 {[#]} Rf1 (46... Bh7 $1 $17 {[%mdl 512] Hoping for ...Kd6.} 47. Rc6 (47. Rxh7 c1=Q+) 47... Rf1) 47. Kxd3 $15 c1=Q 48. Rxc1 Rxc1 {KR-KB} 49. Kd2 $1 {[%cal Rd2c1]} Ra1 50. Bd1 $1 Rb1 51. Kc2 Rb4 52. Kc3 Rb8 (52... Rb6 {looks sharper.} 53. Kd2 Rb2+ 54. Bc2 Rb4 55. Bd1 Ke6) 53. Kd3 Rb2 54. Bc2 $1 Rb8 55. Bd1 Rf8 56. Ke2 $1 Rf7 57. Bc2 Rc7 58. Bd3 Kf6 59. Kf3 Rc3 60. Ke2 Rb3 61. Bh7 Ra3 62. Bd3 Ra2+ 63. Kf3 Rh2 64. Kg3 $1 {[%cal Rg3h2]} Rh1 (64... Rb2 {is more complex.} 65. Kf3 Kf7 66. Bf1 Rb4 67. Be2 Ke6) 65. Bh7 Ke5 66. Bd3 Ra1 {Threatens to win with ...Ra3.} 67. Kf3 Ra3 68. Ke2 $1 Kf6 69. Bh7 Rb3 70. Bd3 (70. g5+ $5 Ke5 71. gxh6 $17) 70... Rc3 71. Kd2 Rc7 72. Ke2 Rg7 73. Kf3 Ke5 74. Bc2 Rf7+ (74... Rc7 $5 {[%cal Rc7c2]} 75. Bd3 Rf7+ 76. Kg3 Ra7 $17) 75. Ke2 $1 Rc7 76. Bd3 $1 Rg7 77. Kf3 d4 {[#]} (77... Rg8 $15 78. Kg3 Ra8) 78. g5 $1 {[%mdl 512]} hxg5 79. hxg5 Rxg5 80. exd4+ Kxd4 81. Kf4 Rg2 82. Bh7 Rh2 83. Bb1 Rf2+ 84. Kg5 Ke5 85. Kg6 Rb2 86. Bd3 Rb3 87. Bc2 Rc3 88. Bb1 Rc7 89. Ba2 Rc2 90. Bg8 Rg2+ 91. Kh7 Kf6 {[%cal Rg2h2]} 92. Kh8 Rh2+ 93. Bh7 Rh3 94. Kg8 Rxh7 95. Kxh7 {Accuracy: White = 61%, Black = 58%.} 1/2-1/2

[Event "25th Zadar Open 2018"]
[Site "Zadar"]
[Date "2018.12.19"]
[Round "6.2"]
[White "Omelja, Artem"]
[Black "Blagojevic, Dragisa"]
[Result "1/2-1/2"]
[WhiteElo "2457"]
[BlackElo "2497"]
[Annotator "TA"]
[PlyCount "24"]
[EventDate "2018.12.15"]
[EventType "swiss"]
[EventCountry "CRO"]
[SourceTitle "playchess.com"]
[Source "ChessBase"]
[SourceQuality "1"]

{[%evp 15,24,3,0,-6,0,0,11,8,1,12,16]} 1. Nf3 d5 2. c4 e6 3. e3 Nf6 4. Nc3 c6 5. b3 Bd6 6. Bb2 O-O 7. d4 Nbd7 8. Bd3 Re8 {LiveBook: 21 Games. The position is equal. D46: Semi-Slav: 5 e3 Nbd7 6 Bd3, Black avoids the Meran} 9. h3 dxc4 $146 ({Predecessor:} 9... e5 10. dxe5 Nxe5 11. cxd5 cxd5 12. Be2 a6 13. O-O Bc7 14. Qd4 Qd6 15. Nxe5 Rxe5 16. Qf4 {1-0 (28) Grigoriants,S (2587)-Esserman,M (2458) Reykjavik 2016}) 10. Bxc4 b5 11. Be2 Bb7 12. O-O a6 1/2-1/2

[Event "25th Zadar Open 2018"]
[Site "Zadar"]
[Date "2018.12.19"]
[Round "6.3"]
[White "Rakesh Kumar Jena"]
[Black "Livaic, Leon"]
[Result "1-0"]
[WhiteElo "2398"]
[BlackElo "2474"]
[Annotator "TA"]
[PlyCount "89"]
[EventDate "2018.12.15"]
[EventType "swiss"]
[EventCountry "CRO"]
[SourceTitle "playchess.com"]
[Source "ChessBase"]
[SourceQuality "1"]

{[%evp 26,89,21,18,24,0,0,-11,0,0,18,0,6,-26,20,2,11,9,37,-25,54,58,56,-14,-12,-17,-12,-38,102,15,90,86,80,64,50,52,121,78,153,90,287,287,258,260,456,439,443,450,432,437,427,438,629,617,625,617,594,578,858,550,584,547,785,775,1789,1456]} 1. d4 Nf6 2. Bf4 e6 3. Nf3 b6 4. e3 Bb7 5. Bd3 Be7 6. Nbd2 c5 7. c3 cxd4 8. exd4 d6 9. Qe2 Nbd7 10. O-O O-O 11. h3 Re8 {A47: 1 d4 Nf6 2 Nf3 b6: Torre, London and Colle Systems} 12. Bh2 a6 13. a4 Bf8 (13... h6 14. Rfe1 Bf8 15. Nc4 Qc7 16. Ne3 Nd5 17. Nxd5 Bxd5 18. Bxa6 Bxf3 19. gxf3 {1-0 (34) Carlsen,M (2837)-Akobian,V (2647) Riadh 2017}) 14. Rfe1 {LiveBook: 8 Games} Qc8 15. a5 $146 ({Predecessor:} 15. Ne4 Nxe4 16. Bxe4 Nf6 17. Bxb7 Qxb7 18. Nd2 {½-½ (38) Zorko,J (2333)-Sakelsek,T (2461) Bled 2008}) 15... b5 16. c4 bxc4 17. Nxc4 Qb8 18. Nfd2 Bd5 19. g4 {[%cal Bg2g4,Bg4g5][%mdl 32]} g6 20. g5 Nh5 21. Ne4 $36 {[%cal Rc4d6][%mdl 2048] White is pushing.} e5 22. Qd2 ({Better is} 22. dxe5 $14 dxe5 23. Nc3) 22... Be6 (22... exd4 $11 23. Nexd6 Rxe1+ 24. Rxe1 Qb3) 23. Bf1 $14 Rc8 24. d5 (24. b3 $14) 24... Bf5 $11 25. b4 Ra7 26. Na3 Nf4 (26... h6 $15 {stays ahead.}) 27. b5 (27. Bxf4 $16 exf4 28. b5) 27... axb5 (27... Nxh3+ $11 {remains equal.} 28. Bxh3 Bxh3) 28. Bxf4 $16 {[%cal Bh2f4,Bf4e3,Be3b6,Bb6d4][%mdl 32] [#] Hoping for Be3.} Bxe4 29. Be3 Ra8 $1 30. Bxb5 Qc7 (30... Qb7 $14) 31. Nc4 {Strongly threatening Bb6.} Bf3 ({Black should try} 31... Qb7 32. Bc6 Rxc6 33. dxc6 Qxc6) 32. Bc6 (32. Rec1 $142) 32... Nb8 $2 (32... Ra6 $16) 33. Bb6 $18 ({Don't play} 33. Bxa8 $6 Qd7 $16) 33... Qe7 34. Bxa8 Rxc4 $2 (34... Qd7 35. Re3 e4) 35. Ra3 {White is clearly winning.} Rc2 36. Qe3 e4 {intending ...Qd7.} 37. Bd4 Qd7 38. Kh2 Qf5 (38... Qc8 $142 39. Rb3 Na6) 39. a6 Nd7 {[%cal Bb8d7,Bd7e5,Be5d3][%mdl 32]} 40. Bc6 Ne5 41. Kg3 {[#] a7 is the strong threat.} ({And not} 41. a7 Ng4+ 42. Kg3 (42. hxg4 $2 Qxg4 43. Qxf3 exf3 $19) 42... Nxf2 $11) 41... Rxc6 42. a7 Rc8 {aiming for ...Nc4.} 43. a8=Q Rxa8 44. Rxa8 Nd3 45. Rb1 {Accuracy: White = 51%, Black = 25%.} 1-0

[Event "25th Zadar Open 2018"]
[Site "Zadar"]
[Date "2018.12.19"]
[Round "6.4"]
[White "Petrov, Nikita"]
[Black "Tomazini, Zan"]
[Result "1-0"]
[WhiteElo "2593"]
[BlackElo "2437"]
[Annotator "TA"]
[PlyCount "89"]
[EventDate "2018.12.15"]
[EventType "swiss"]
[EventCountry "CRO"]
[SourceTitle "playchess.com"]
[Source "ChessBase"]
[SourceQuality "1"]

{[%evp 19,89,34,36,34,47,34,33,35,38,36,43,32,100,78,118,95,118,113,172,149,143,152,146,144,153,154,139,144,177,20,22,15,95,95,106,93,95,87,152,157,165,159,152,152,156,169,201,185,183,175,351,356,372,362,367,333,747,721,663,662,897,853,647,629,703,682,29977,29974,29989,29990,29991,29992]} 1. e4 e5 2. Nf3 Nc6 3. Bb5 {[%cal Bf1b5,Bb5a4,Ba4b3,Bb3d5][%mdl 32]} a6 4. Ba4 b5 5. Bb3 g6 6. a4 {C70: Ruy Lopez: 3...a6 4 Ba4, Norwegian and Delayed Schliemann} (6. d4 exd4 7. Nxd4 Na5 8. O-O Bg7 9. Re1 Ne7 10. e5 O-O 11. Bg5 c5 12. Bd5 Rb8 13. Nb3 Nxb3 14. axb3 {0-1 (31) Kramnik,V (2792)-Mamedyarov,S (2808) Paris 2018}) 6... b4 7. d4 exd4 8. Nxd4 Na5 9. Bd5 c6 10. Ba2 Bg7 {LiveBook: 7 Games} 11. O-O $146 ({Predecessor:} 11. c3 c5 12. Nb3 Nb7 13. cxb4 cxb4 {0-1 (48) Istratescu,A (2589)-Stevic,H (2588) Brest 2018}) 11... Ne7 12. c3 c5 13. Nb3 Nb7 {next ...c4 is good for Black.} 14. cxb4 $40 {[%mdl 128] White attacks.} cxb4 15. Be3 Nc6 ({Black should play} 15... Bxb2 $14 16. N1d2 d5) 16. N1d2 $16 d6 17. Nc4 Be6 18. Rc1 {Nb6 is the strong threat.} Ne5 (18... Rb8 $16) 19. Nd4 Bxc4 20. Bxc4 Nxc4 21. Rxc4 a5 22. Nb5 O-O 23. Qd5 Nc5 {[#]} 24. Bxc5 $2 ({Stronger than} 24. Qxd6 Nxa4 25. b3 Nc3 $17) (24. b3 $1 $18) 24... dxc5 $11 25. b3 Qxd5 (25... Re8 $11) 26. exd5 $16 Bd4 27. Nxd4 cxd4 {[%mdl 4096] Endgame KRR-KRR} 28. Rd1 Rac8 (28... Rfc8 $142) 29. Rdxd4 Rfd8 30. Kf1 Kf8 {[#]} 31. Ke2 $1 Rxc4 32. bxc4 {[%cal Bb3c4,Bc4c5][%mdl 32] KR-KR} ({Of course not} 32. Rxc4 $6 Rxd5 33. Rc7 Kg7 $11) 32... Ke7 33. c5 Rc8 34. Rc4 Rd8 $2 (34... Rb8 {is a better defense.} 35. Kd3 b3) 35. Re4+ $18 Kf8 36. Rd4 Re8+ 37. Kd3 Re1 $2 (37... Ke7 38. Re4+ Kd8 39. Rxe8+ Kxe8) 38. Kd2 Re5 39. f4 Rh5 40. h3 Ke7 41. Kd3 Kd7 42. Kc4 g5 43. d6 {[%cal Bd5d6,Bd6d7][%mdl 32] White mates.} Rh4 {[#]} 44. c6+ $1 {[%mdl 512]} Kd8 (44... Kxc6 45. d7) 45. d7 {Precision: White = 83%, Black = 34%.} 1-0

[Event "25th Zadar Open 2018"]
[Site "Zadar"]
[Date "2018.12.19"]
[Round "6.5"]
[White "Krzyzanowski, Marcin"]
[Black "Saric, Ibro"]
[Result "1-0"]
[WhiteElo "2491"]
[BlackElo "2559"]
[Annotator "TA"]
[PlyCount "181"]
[EventDate "2018.12.15"]
[EventType "swiss"]
[EventCountry "CRO"]
[SourceTitle "playchess.com"]
[Source "ChessBase"]
[SourceQuality "1"]

{[%evp 21,181,48,50,60,63,47,58,58,100,48,54,55,60,41,37,24,18,18,99,104,98,88,91,92,258,209,362,357,343,344,641,633,1037,1003,930,771,707,500,503,509,1379,1364,2153,564,558,556,491,437,408,414,388,218,216,207,202,138,133,39,39,0,0,0,44,44,54,13,27,27,39,39,77,0,75,78,101,39,131,117,164,81,87,82,88,75,75,81,76,83,73,85,79,15,75,0,85,0,84,79,83,87,117,104,95,111,100,39,39,39,39,39,39,39,39,5,69,69,69,78,76,83,222,81,242,235,175,168,383,260,498,497,453,465,450,445,425,368,579,2704,3099,1413,3389,3131,2141,1146,1095,910,6683,6227,5145,5065,6067,5261,3352,2567,29974,29973,29969,29965,29967,29968,29969,29967]} 1. e4 c5 2. Nf3 g6 3. d4 cxd4 4. Nxd4 Nc6 5. c4 Nf6 6. Nc3 d6 7. f3 Nxd4 8. Qxd4 Bg7 9. Be3 O-O 10. Qd2 a5 {B36: Sicilian: Maroczy Bind: Gurgenidze System} (10... Qa5 11. Rc1 Be6 12. Nd5 Qxa2 13. Nxe7+ Kh8 14. Bd4 Rae8 15. Qc3 Nh5 16. Bxg7+ Nxg7 17. b4 Qa4 18. b5 a5 19. Nd5 Bxd5 20. cxd5 f5 21. Ra1 Qb4 22. Qxb4 axb4 {1-0 (51) Carlsen,M (2832)-Guseinov,G (2645) chess.com INT 2017}) 11. Na4 Nd7 {LiveBook: 34 Games} 12. O-O-O Qc7 {White is slightly better.} 13. Kb1 $146 ({Predecessor:} 13. Nc3 Nf6 14. Kb1 a4 15. g4 Be6 16. Rc1 Rfc8 17. Be2 Qd8 18. Nb5 {1-0 (50) Chekh Adm Khedr,A (2171)-Mansour,S (2232) Batumi 2018}) 13... Qc6 14. Nc3 Re8 15. Bh6 ({White should try} 15. h4 $16) 15... Bxh6 16. Qxh6 Ne5 17. h4 f6 $1 18. Qc1 (18. c5 {keeps more tension.} Qxc5 19. Nd5 Bd7 20. Rc1 Qf2 21. Nc7) 18... Be6 19. f4 Nf7 (19... Ng4 $1 $11) 20. Nd5 $16 Rac8 21. Bd3 Qc5 22. Qc3 Qa7 $2 (22... a4 $16) 23. h5 $18 {[%cal Bh4h5,Bh5h6][%mdl 32]} g5 $2 (23... Kg7 24. Bc2 (24. hxg6 hxg6 25. Qe1 Bg4 $16) 24... b5 25. hxg6 hxg6) 24. Nxe7+ $1 {[%mdl 64] Decoy} Rxe7 25. Qxf6 {[%mdl 64] Double Attack} b6 $2 (25... Rce8 26. h6 Nd8) 26. h6 {[%csl Gh6][%cal Rf6g7]} Kf8 27. e5 Ke8 28. f5 Qd7 29. exd6 Qxd6 30. fxe6 Rxe6 (30... Qxe6 $142 31. Qxe6 Rxe6) 31. Qg7 Rd8 32. Qxh7 (32. c5 $142 Qxd3+ 33. Rxd3 Rxd3 34. Rf1 Rd1+ 35. Rxd1) 32... Rxh6 33. Rxh6 Qxh6 34. Qe4+ Kf8 35. Rf1 Rd6 36. Bc2 (36. Qf5 $142 {[%csl Gf1][%cal Rf5f7]} Qe6 37. Qh7) 36... Rf6 37. Re1 Qh4 38. Qe7+ Kg7 39. Rc1 ({White should play} 39. b3 $16) 39... Qxc4 $14 40. Bb3 Qd3+ 41. Bc2 Qc4 42. Qe1 Qd4 43. Rd1 Qe5 44. Qh1 $36 {[%mdl 2048] White has the initiative.} Qe2 45. Re1 Qd2 46. Qh7+ Kf8 47. Qe4 {And now Qe8+ would win.} Rf2 48. g3 (48. Qe7+ $6 Kg7 $11) (48. a3 $16) 48... Kg7 (48... Rg2 $14) 49. a3 Qd6 50. Rh1 (50. Rd1 $18 {and White stays clearly on top.} Qf6 51. Rh1) 50... Qf6 $16 51. Ka2 Qf3 ({Don't go for} 51... Nd6 $2 52. Qa8 $18) 52. Rh7+ Kf8 53. Qc4 {Qc8+ is the strong threat.} Qf6 54. Qc8+ Ke7 55. Qc7+ Kf8 56. Qc4 (56. g4 $16) 56... Ke7 (56... Nd6 $11 57. Qb3 a4 58. Qxa4 Qe6+ 59. Qb3 (59. Bb3 Qe5 $11 {[%mdl 64] Double Attack}) 59... Qxb3+ 60. Kxb3 Rf3+ 61. Kb4 Rxg3) 57. Qc7+ Kf8 58. Rh1 (58. g4 $16) 58... Kg7 (58... Qe5 $1 $11 {keeps the balance.} 59. Qc8+ Qe8 60. Qxe8+ Kxe8 61. Re1+ Kd8) 59. Qc8 {[%csl Gc2][%cal Rh1h7]} Nh6 60. Re1 Qf7+ 61. Kb1 Rf1 62. Qc3+ Kf8 63. Qh8+ (63. Rxf1 $1 $16 Qxf1+ 64. Ka2) 63... Ng8 $14 64. Rxf1 Qxf1+ 65. Ka2 Qf6 66. Qh3 Ne7 67. Qd7 Kg7 (67... Nc6 $11) 68. Bb3 Qe5 69. Qe8 Qf6 70. g4 Ng6 (70... Kh6 $16 {was necessary.}) 71. Qg8+ $1 $18 Kh6 72. Bc2 $1 Nf8 73. Bf5 $1 b5 $2 (73... a4 74. Qc4 Ng6) 74. Qd5 Qb6 $2 (74... Ng6 75. Qxb5 Ne7) 75. Qe5 {Qh8+ would kill now.} Ng6 {[#]} 76. Qe8 $1 a4 77. Bd3 Qd6 78. Qxb5 Qe6+ {[#]} (78... Ne5 $142) 79. Qc4 $1 {[%cal Rc4e6]} Qxc4+ 80. Bxc4 {[%mdl 4096] Endgame KB-KN} Ne5 81. Be2 Kg7 82. Kb1 Kf6 83. Kc2 Nd7 84. Kc3 Ke5 85. Kb4 Kf4 86. Kxa4 Ke3 87. Bc4 Kf3 88. Kb5 {White mates.} Ne5 89. Be6 Nxg4 90. a4 {[%cal Ba3a4,Ba4a5][%mdl 32]} Ne3 91. a5 {Accuracy: White = 60%, Black = 42%.} 1-0

[Event "25th Zadar Open 2018"]
[Site "Zadar"]
[Date "2018.12.19"]
[Round "6.6"]
[White "Cvitan, Ognjen"]
[Black "Rezan, Sasa"]
[Result "1/2-1/2"]
[WhiteElo "2503"]
[BlackElo "2421"]
[Annotator "ChessBase"]
[PlyCount "40"]
[EventDate "2018.12.15"]
[EventType "swiss"]
[EventCountry "CRO"]
[SourceTitle "playchess.com"]
[Source "ChessBase"]
[SourceQuality "1"]
[TimeControl "40/5400+30:1800+30"]

1. Nf3 {[%emt 0:01:30]} Nf6 {[%emt 0:00:30]} 2. c4 {[%emt 0:01:30]} e6 {[%emt 0:00:30]} 3. g3 {[%emt 0:01:30]} d5 {[%emt 0:01:30]} 4. Bg2 {[%emt 0:00:30]} dxc4 {[%emt 0:02:30]} 5. Qa4+ {[%emt 0:02:30]} c6 {[%emt 0:02:30]} 6. Qxc4 {[%emt 0:00:30]} b5 {[%emt 0:00:00]} 7. Qb3 {[%emt 0:07:30]} Bb7 {[%emt 0:04:00]} 8. d4 {[%emt 0:05:30]} a6 {[%emt 0:02:30]} 9. O-O {[%emt 0:12:30]} c5 {[%emt 0:07:30]} 10. dxc5 {[%emt 0:03:30]} Bxc5 {[%emt 0:05:30]} 11. Be3 {[%emt 0:00:30]} Nbd7 {[%emt 0:06:30]} 12. Bxc5 {[%emt 0:13:30]} Nxc5 {[%emt 0:00:30]} 13. Qe3 {[%emt 0:00:30]} Rc8 {[%emt 0:04:30]} 14. Nbd2 {[%emt 0:02:30]} O-O {[%emt 0:03:30]} 15. Rac1 {[%emt 0:03:30]} Ncd7 {[%emt 0:12:30]} 16. Nb3 {[%emt 0:05:30]} Rxc1 {[%emt 0:06:30]} 17. Rxc1 {[%emt 0:00:30]} Qa8 {[%emt 0:00:30]} 18. Na5 {[%emt 0:07:30]} Be4 {[%emt 0:01:30]} 19. Ne1 {[%emt 0:02:30]} Bxg2 {[%emt 0:01:30]} 20. Nxg2 {[%emt 0:00:30]} Rc8 {[%emt 0:00:30]} 1/2-1/2

[Event "25th Zadar Open 2018"]
[Site "Zadar"]
[Date "2018.12.19"]
[Round "6.7"]
[White "Djukic, Nikola"]
[Black "Loncar, Robert"]
[Result "1/2-1/2"]
[WhiteElo "2574"]
[BlackElo "2397"]
[Annotator "TA"]
[PlyCount "91"]
[EventDate "2018.12.15"]
[EventType "swiss"]
[EventCountry "CRO"]
[SourceTitle "playchess.com"]
[Source "ChessBase"]
[SourceQuality "1"]

{[%evp 16,91,53,50,52,31,31,27,48,18,29,18,26,26,20,17,12,0,23,0,0,3,4,0,0,-27,0,0,0,0,0,0,0,-80,-73,-70,-28,-175,-109,-129,-120,-121,-54,-54,-8,-8,-8,-71,-71,-71,-70,-69,-75,-77,0,0,0,0,0,0,8,8,8,8,8,8,8,8,8,8,8,0,0,0,0,0,0,0]} 1. e4 c5 2. Nf3 e6 3. d4 cxd4 4. Nxd4 a6 5. Nc3 Qc7 6. Bd3 Nf6 7. f4 {[%cal Bf2f4,Bf4f5][%mdl 32]} d6 8. Qf3 Nbd7 9. g4 {[%cal Bg2g4,Bg4g5][%mdl 32] LiveBook: 37 Games. B82: Sicilian Scheveningen: 6 f4} g6 (9... Nc5 10. g5 Nfd7 11. Bd2 g6 12. f5 Ne5 13. Qe2 Bg7 14. f6 Bf8 15. O-O-O b5 16. a3 Rb8 {½-½ (24) Vovk,A (2606)-David,A (2584) Trieste 2015}) 10. g5 Nh5 $1 11. Be3 {White is slightly better.} Bg7 12. f5 $146 ({Predecessor:} 12. Nde2 b5 13. a3 Bb7 14. O-O-O Qa5 15. Bd2 Qb6 16. Be3 Nc5 {0-1 (52) Maatman,N (2207)-Van Eijk,S (2431) Dieren 2013}) 12... Ne5 13. Qe2 Nxd3+ 14. cxd3 Be5 15. Rc1 {Hoping for Ncb5.} O-O {[%cal Re6f5]} 16. O-O Qd8 17. f6 Bxd4 18. Bxd4 e5 19. Be3 Be6 20. Na4 b5 21. Nb6 Rb8 22. Nd5 Bxd5 23. exd5 Qa5 24. Rc6 (24. b3 $11) 24... Qxa2 $17 25. Rxd6 Rfd8 26. Rxd8+ (26. Ba7 $1 $11 {remains equal.} Rxd6 27. Bxb8 Rxd5 28. Bxe5) 26... Rxd8 27. Bb6 Rxd5 28. d4 e4 (28... Qc4 $17 29. Qxc4 bxc4 30. dxe5 Rxe5) 29. h4 $1 $15 Qc4 ({Worse is} 29... Ng3 {[#]} 30. Qg4 $1 $16 {[%mdl 512]}) 30. Qxc4 bxc4 $11 {[%mdl 4096] Endgame KRB-KRN} 31. Rc1 {[#]} (31. Bc7 $1 $11) 31... h6 $1 $17 {[%cal Rh6g5][%mdl 512]} 32. Rxc4 (32. gxh6 Nxf6) 32... hxg5 33. Rc8+ Kh7 34. Rc5 Nxf6 (34... Nf4 $17 35. hxg5 Rf5) 35. hxg5 $11 {The position is equal.} Rxc5 36. dxc5 $17 {KB-KN} Nd5 37. Bd8 Nb4 38. Ba5 Nc6 39. Bc3 Kg8 40. Kf2 Kf8 41. Ke3 Ke7 42. Kxe4 Ke6 43. Bd2 Ne7 44. Bc3 Nc6 45. Bd2 Ne7 46. Bc3 {Accuracy: White = 64%, Black = 76%.} 1/2-1/2

[Event "25th Zadar Open 2018"]
[Site "Zadar"]
[Date "2018.12.19"]
[Round "6.8"]
[White "Salimova, Nurgyul"]
[Black "Martinovic, Sasa"]
[Result "1-0"]
[WhiteElo "2377"]
[BlackElo "2554"]
[Annotator "TA"]
[PlyCount "209"]
[EventDate "2018.12.15"]
[EventType "swiss"]
[EventCountry "CRO"]
[SourceTitle "playchess.com"]
[Source "ChessBase"]
[SourceQuality "1"]

{[%evp 13,209,7,44,14,8,13,22,0,0,-4,-12,-31,-22,-46,-42,-63,-20,-35,0,0,0,0,0,0,0,0,0,0,0,0,0,0,0,0,0,0,0,0,0,-39,-39,-53,-53,-53,-53,-53,-30,-53,-53,-53,-53,-53,-39,-39,-39,-39,-31,-31,-31,-31,-31,-31,-31,-31,-24,-129,-31,-31,0,-2,0,0,0,-41,-41,-41,-20,-41,-41,-41,-41,-41,-41,-41,-49,-64,-64,-76,-76,-76,-76,-76,-76,-83,-83,-138,0,-58,395,494,475,480,479,0,468,429,427,383,581,535,671,683,683,577,522,30,30,39,438,429,252,239,245,462,455,456,451,430,578,684,679,688,578,539,420,420,414,414,354,335,578,518,931,914,663,400,365,365,513,500,490,499,1269,1030,29973,29973,29974,29975,29975,29976,29976,29977,29978,29979,29979,29980,29980,29981,29981,29982,29982,29983,29983,29982,29981,29982,29982,29983,29984,29984,29985,29985,29985,29986,29988,29987,29987,29981,29981,29982,29987,29988,29988,29989,29989,29989,29989,29990]} 1. e4 e6 2. d4 d5 3. Nc3 Bb4 4. e5 b6 5. a3 Bxc3+ 6. bxc3 Qd7 7. a4 Ba6 {LiveBook: 72 Games. C16: French: 3 Nc3 Bb4 4 e5: Lines without ...c5} 8. Qg4 $146 ({Predecessor:} 8. Bxa6 Nxa6 9. Qd3 Nb8 10. a5 Ne7 11. Nf3 Nbc6 12. axb6 cxb6 13. Ba3 Na5 14. Nd2 Rc8 15. O-O Nf5 16. g4 Nh4 17. Qg3 Qd8 {0-1 (44) Sutovsky,E (2673)-Antipov,M (2588) Caleta 2018}) 8... f5 9. Qh5+ g6 {The position is equal.} 10. Qh4 Bxf1 11. Kxf1 Nc6 12. Ne2 Qf7 13. Nf4 h6 {aiming for ...g5.} 14. Nd3 Nge7 15. Qf6 Rh7 16. Qxf7+ Kxf7 17. h4 Na5 18. Ke2 Nc4 19. Bf4 Rc8 20. Rab1 Rhh8 21. f3 Kg7 22. Bc1 Nc6 23. Rg1 Kf7 24. g4 Ne7 25. Rg2 Rcg8 26. g5 h5 27. f4 Nc6 {[%cal Be7c6,Bc6b8,Bb8d7][%mdl 32]} 28. Be3 Nb8 29. Rgg1 Nd7 30. Rb3 Ra8 31. Rgb1 Rhc8 32. Bf2 c6 33. Bg1 Ke7 34. Bf2 {[#]} b5 $1 {[%mdl 512]} 35. Ra1 (35. axb5 cxb5) 35... bxa4 36. Rxa4 a5 37. Be3 Rcb8 38. Bc1 Rb5 39. Nb4 (39. Ba3+ $11 {keeps the balance.} Ke8 40. Bd6) 39... Rb6 (39... Ndb6 $1 $17 {[%cal Rb6a4]} 40. Nxc6+ Kd7 41. Nb8+ Kd8) 40. Nd3 $15 Rab8 41. Rxb6 Rxb6 42. Ra1 $1 Rb5 43. Kf3 (43. Ba3+ $5 Nxa3 44. Rxa3 $11) 43... Kd8 44. Ke2 Kc7 45. Kf3 c5 46. Ke2 Kc6 47. Kf3 Rb8 48. Ke2 Ra8 49. Kd1 a4 {[%cal Ba5a4,Ba4a3][%mdl 32]} 50. Ke2 a3 51. Kf3 Ra4 52. Ke2 Ra7 53. Kf3 Ra5 54. Ke2 Kb5 ({Black should play} 54... Ra4 $17 55. Bd2 Ra8) 55. Rb1+ Ka4 $2 {[%mdl 8192]} (55... Ka6 $1 $15 {stays ahead.}) 56. Nxc5+ $18 Rxc5 57. dxc5 Nxc5 {[%mdl 4096] Endgame KRB-KNN} 58. Rb4+ Ka5 {[#]} 59. Bxa3 $1 {[%mdl 512]} Nxa3 60. Rb8 Nb5 (60... Nxc2 $142 61. Rg8 d4 62. cxd4 (62. Kd2 d3 $17) 62... Nxd4+ 63. Ke3 Nc2+ 64. Kd2 Nb4) 61. Ra8+ Kb6 62. Rg8 Nxc3+ 63. Kf3 Nb5 {intending ...Nd4+.} 64. Ke3 $2 (64. Rxg6 $18 Nd4+ 65. Kg2) 64... d4+ $1 $11 65. Kd2 Nc3 $2 {[%mdl 8192]} (65... Ne4+ $14 66. Kd3 Nf2+ 67. Kc4 Na3+ 68. Kb3 Nb5) 66. Rxg6 $18 Nd5 67. Rh6 $1 {Black must now prevent g6.} Nxf4 68. g6 Nxg6 69. Rxg6 {KR-KN} Kc6 70. Rh6 Ne4+ 71. Kd3 Kd5 72. Rxh5 Kxe5 73. Rh8 Nf2+ 74. Ke2 Ng4 75. h5 Kf6 76. Rg8 e5 $2 (76... Kf7 {keeps fighting.} 77. Rd8 e5) 77. Kf3 e4+ (77... Ke7 $142 78. Rg6 Kf7) 78. Kf4 e3 79. Rf8+ Kg7 80. Re8 Kf7 {[#]} (80... Kf6 $142 81. Kf3 Ne5+ 82. Ke2 Nf7) 81. Rb8 $1 {[%cal Rb8b1]} e2 82. Rb1 Ne3 (82... Nf6 $142 83. Kxf5 Nxh5) 83. Kf3 Nxc2 84. Kxe2 {White mates.} Kg7 85. Kd3 Ne3 86. Kxd4 Ng4 87. Rb6 Kf7 88. Rg6 Nf6 {[#]} 89. Rg5 $1 {[%cal Rg5f5]} Nh7 90. Rxf5+ Kg7 91. Ke3 Kh6 92. Kf4 Kg7 93. Kg4 Nf6+ 94. Kh4 Nh7 95. Ra5 Kh6 96. Ra7 Nf8 97. Ra6+ Kg7 98. h6+ Kh7 99. Kh5 Kg8 100. Ra8 Kf7 101. Ra7+ Kg8 102. Re7 Nh7 103. Rg7+ Kh8 104. Rf7 Kg8 105. Kg6 {Accuracy: White = 68%, Black = 58%.} 1-0